Statistics for The Chronicles of Narnia Quiz

Click here to take the quiz!

General Stats

  • This quiz has been taken 205 times
  • The average score is 16 of 43

Answer Stats

HintAnswer% Correct
Names of the Kings of NarniaPeter
95%
Forms in which Aslan AppearsLion
89%
Names of the Kings of NarniaEdmund
77%
Books in the SeriesThe {Lion}, the {Witch}, and the {Wardrobe}
75%
Books in the Series{Prince} {Caspian}
73%
Names of the Kings of NarniaCaspian
73%
Books in the SeriesThe {Silver} {Chair}
69%
Books in the SeriesThe {Horse} and His {Boy}
69%
Books in the SeriesThe {Last} {Battle}
66%
Books in the SeriesThe {Magician's} {Nephew}
66%
Books in the SeriesThe {Voyage} of the {Dawn} {Treader}
65%
Major CountriesNarnia
62%
Names of the White WitchThe {White} {Witch}
58%
Names of the White WitchJadis
47%
Names of the Four Rulers of NarniaKing {Edmund} the {Just}
47%
Names of the Four Rulers of NarniaQueen {Lucy} the {Valiant}
44%
Names of the Four Rulers of NarniaQueen {Susan} the {Gentle}
43%
Names of the Four Rulers of NarniaHigh King {Peter} the {Magnificent}
43%
Islands Visited in the Fifth BookThe {Lone} Islands
35%
Major CountriesCalormen
29%
Names of the Kings of NarniaRilian
29%
Major CountriesArchenland
29%
Names of the Kings of NarniaMiraz
25%
Islands Visited in the Fifth Book{Dragon} Island
23%
Major CountriesTelmar
23%
Names of the Kings of NarniaTirian
23%
Names of the White Witch{Queen} of {Narnia}
22%
Names of the Kings of NarniaFrank
21%
Forms in which Aslan AppearsLamb
21%
Names of the Seven Lost LordsLord {Rhoop}
18%
Islands Visited in the Fifth BookThe {Dark} Island
18%
Names of the Seven Lost LordsLord {Bern}
17%
Forms in which Aslan AppearsCat
16%
Names of the Seven Lost LordsLord {Octesian}
12%
Names of the Seven Lost LordsLord {Restimar}
11%
Names of the Seven Lost LordsLord {Argoz}
10%
Islands Visited in the Fifth BookThe Island of the {Star}
10%
Names of the Seven Lost LordsLord {Revilian}
9%
Names of the Seven Lost LordsLord {Mavramorn}
9%
Islands Visited in the Fifth Book{Duffer}'s Island
5%
Names of the Kings of NarniaErlian
4%
Islands Visited in the Fifth Book{Burnt} Island
3%
Names of the Kings of NarniaCol
2%

Score Distribution

Percentile by Number Answered

Percent of People with Each Score

Your Score History

You have not taken this quiz